[Event "White Nights Open"]
[Site "St Petersburg RUS"]
[Date "2006.06.24"]
[Round "2"]
[White "Golovenchits,B"]
[Black "Chuvakov,N"]
[Result "1-0"]
[WhiteElo "2064"]
[BlackElo "1815"]

1.d4 Nf6 2.Bg5 d5 3.Bxf6 exf6 4.e3 Bd6 5.Bd3 O-O 6.Nd2 c6 7.Ngf3 Re8 8.O-O Nd7
9.c4 Nf8 10.Nh4 g6 11.g3 f5 12.Ng2 Ne6 13.h4 Bf8 14.Rc1 Qb6 15.Qe2 Bd7 16.a3 Bg7
17.b4 Qd8 18.Nb3 b6 19.Rfe1 Bf8 20.Rb1 Be7 21.Qd1 Bf6 22.Qf3 Bc8 23.Rec1 Bb7
24.Nf4 Nxf4 25.Qxf4 Be7 26.cxd5 Bd6 27.Qf3 cxd5 28.h5 Qg5 29.Kh2 Qg4 30.Kg2 Qxf3+
31.Kxf3 Kg7 32.Nd2 Kf6 33.Kg2 Rec8 34.hxg6 hxg6 35.Nb3 Rh8 36.Nc5 Bc8 37.Na6 Bd7
38.Nc7 Bxc7 39.Rxc7 Ke6 40.Ba6 Rhd8 41.Rbc1 Be8 42.b5 Kd6 43.a4 Ke6 44.Bb7 Rab8
45.Bc6 Bxc6 46.R1xc6+ Rd6 47.Rxd6+ Kxd6 48.Rxf7 Ke6 49.Rxa7 g5 50.Kf3 Kf6
51.Ra6 Ke7 52.g4 Rf8 53.Rxb6 fxg4+ 54.Kxg4 Rxf2 55.Kxg5 Rf3 56.a5 Rxe3 57.a6 Ra3
58.Kf5  1-0

[Event "34th World Open"]
[Site "Philadelphia USA"]
[Date "2006.06.28"]
[Round "1"]
[White "Hoekstra,M"]
[Black "Collier,P"]
[Result "1-0"]
[WhiteElo "2363"]
[BlackElo "2116"]

1.d4 Nf6 2.Bg5 c5 3.Bxf6 gxf6 4.d5 Qb6 5.Qc1 d6 6.g3 Bg7 7.Nd2 f5 8.c3 Nd7
9.Nh3 Ne5 10.Nf4 Ng6 11.Nh5 Bh6 12.e3 Ne5 13.Be2 Qc7 14.Qc2 Bd7 15.f4 Ng6
16.Bd3 Qc8 17.a4 O-O 18.Nc4 Rb8 19.O-O b6 20.Rad1 a6 21.a5 bxa5 22.Nxa5 Qc7
23.Ra1 Bg7 24.Nxg7 Kxg7 25.Rf2 e6 26.e4 fxe4 27.Bxe4 Rb5 28.Nc4 exd5 29.Bxd5 Ne7
30.Qd2 Rd8 31.Ne3 Rdb8 32.c4 Rxb2 33.Qc3+  1-0

[Event "White Nights Open"]
[Site "St Petersburg RUS"]
[Date "2006.06.29"]
[Round "7"]
[White "Krasnov,Vas"]
[Black "Sichinava,Z"]
[Result "1-0"]
[WhiteElo "2141"]
[BlackElo "2021"]

1.d4 Nf6 2.Bg5 c5 3.Bxf6 gxf6 4.d5 f5 5.c4 Bg7 6.Qc2 d6 7.Nc3 O-O 8.e3 Na6
9.a3 Nc7 10.Bd3 e6 11.Nge2 Rb8 12.O-O Qg5 13.f4 Qe7 14.Rf3 Bd7 15.Re1 b5
16.b3 a5 17.Rh3 a4 18.bxa4 bxc4 19.Bxc4 exd5 20.Nxd5 Nxd5 21.Bxd5 Rb2 22.Qd3 Qf6
23.g4 Qg6 24.g5 Bxa4 25.Ng3 Bc2 26.Qc4 Bb3 27.Qxb3 Rxb3 28.Bxb3 Re8 29.Kf2 Rb8
30.Bd5 Rb2+ 31.Kf1 Rd2 32.e4 Bd4 33.Rb1 fxe4 34.Rb8+ Kg7 35.Bxe4 f5 36.Nxf5+  1-0

[Event "ch-BEL"]
[Site "Namur BEL"]
[Date "2006.07.02"]
[Round "2"]
[White "Claesen,P"]
[Black "Geenen,M"]
[Result "1-0"]
[WhiteElo "2366"]
[BlackElo "2343"]

1.d4 Nf6 2.Bg5 d5 3.Bxf6 gxf6 4.e3 c5 5.Nc3 cxd4 6.exd4 Nc6 7.Qh5 e6 8.O-O-O f5
9.Nf3 Qf6 10.Nb5 Qh6+ 11.Qxh6 Bxh6+ 12.Kb1 O-O 13.c4 dxc4 14.Bxc4 Na5 15.Be2 a6
16.Nc3 b5 17.Ne5 Bb7 18.d5 b4 19.Na4 Bxd5 20.Nb6 Be4+ 21.Bd3 Ra7 22.Bxe4 fxe4
23.Ned7 Rb7 24.Nxf8 Rxb6 25.Nd7 Rc6 26.Nf6+ Kf8 27.b3 e3 28.fxe3 Bxe3 29.Rhf1 Rc7
30.Nxh7+ Ke7 31.Nf6 Nb7 32.Rde1 Rc3 33.Ne4 Bd4 34.Nxc3 bxc3 35.Re4 e5 36.Rd1 Nc5
37.Rdxd4  1-0

[Event "34th World Open"]
[Site "Philadelphia USA"]
[Date "2006.07.02"]
[Round "5"]
[White "Cordova,Em"]
[Black "Coupet,P"]
[Result "0-1"]
[WhiteElo "2429"]
[BlackElo "2283"]

1.d4 Nf6 2.Bg5 d5 3.Bxf6 exf6 4.e3 Bf5 5.Nd2 Nc6 6.a3 Qe7 7.Ngf3 O-O-O 8.b4 g5
9.Nb3 g4 10.Nh4 Be6 11.Bd3 f5 12.Nxf5 Qg5 13.Ng3 h5 14.Qd2 Bd6 15.Ne2 Qf6
16.Nc3 h4 17.Nb5 Bf8 18.O-O-O a6 19.Nc3 a5 20.Na2 axb4 21.axb4 Qe7 22.c3 b6
23.Qb2 Kd7 24.Bb5 Ra8 25.c4 Rxa2 26.Nc5+ Qxc5 27.dxc5 Rxb2 28.Kxb2 Bg7+ 29.Kc2 Rh5
30.cxd5 Bxd5 31.e4 Ke7 32.exd5 Nd4+ 33.Kd3 Nxb5 34.Kc4 Nc3 35.d6+ Kd7 36.c6+ Kd8
37.dxc7+ Kxc7 38.Rd7+ Kxc6 39.Rxf7 Bh8 40.Re1 Nb5 41.Rf4 Rg5 42.h3 gxh3 43.gxh3 Rh5
44.Rg4 Nd6+ 45.Kb3 Bf6 46.Re6 Rf5 47.f4 Kd5 48.Re1 Nb5 49.Re8 Nd4+ 50.Ka3 Kc4
51.Rc8+ Kb5 52.Rf8 Ne6 53.Re8 Nxf4 54.Re3 Nd5 55.Rd3 Be7 56.Rb3 Rf8 57.Re4 Ra8+
58.Kb2 Bf6+ 59.Kc1 Ra2 60.Rf3 Bc3 61.Rf5 Rd2 62.Rxh4 Ka4 63.b5+ Kb3 64.Re4 Nb4
65.Rxb4+ Bxb4  0-1

[Event "Open"]
[Site "Albarino ESP"]
[Date "2006.07.03"]
[Round "1"]
[White "Rusev,K"]
[Black "Barcia Mon,C"]
[Result "1-0"]
[WhiteElo "2455"]
[BlackElo "1979"]

1.d4 Nf6 2.Bg5 g6 3.Bxf6 exf6 4.e3 Bg7 5.c4 O-O 6.Nc3 b6 7.Be2 Bb7 8.Bf3 Bxf3
9.Qxf3 Nc6 10.Nge2 f5 11.O-O Ne7 12.Rac1 c6 13.Rfd1 d6 14.b4 Qc7 15.h4 a5
16.b5 c5 17.g3 Rad8 18.Kg2 h5 19.Nf4 Rd7 20.Ncd5 Nxd5 21.Qxd5 Qb7 22.Rc2 cxd4
23.exd4 Re8 24.Qxb7 Rxb7 25.Nd5 Re4 26.Rcd2 Kf8 27.f3 Re8 28.a4 Rc8 29.Rc2 Ke8
30.Kf2 Kf8 31.Ke2 Ke8 32.Kd3 Kd7 33.Re2 Re8 34.Rxe8 Kxe8 35.Re1+ Kd8 36.Re2 Bh8
37.Rg2 Kc8 38.g4 fxg4 39.fxg4 hxg4 40.Rxg4 Kd7 41.h5 gxh5 42.Rg8 Be5 43.dxe5 dxe5
44.Ke4 Kd6 45.Rc8 h4 46.Rc6+ Kd7 47.Kxe5 Rb8 48.Rd6+ Ke8 49.Rh6  1-0

[Event "FSGM July"]
[Site "Budapest HUN"]
[Date "2006.07.03"]
[Round "3"]
[White "Chernyshov,K"]
[Black "Kristjansson,St"]
[Result "1/2-1/2"]
[WhiteElo "2544"]
[BlackElo "2491"]

1.d4 Nf6 2.Bg5 c5 3.dxc5 e6 4.Nd2 Bxc5 5.e3 d5 6.Ngf3 Nc6 7.c3 O-O 8.Nb3 Be7
9.Nbd4 Ne4 10.Bxe7 Qxe7 11.Bd3 Nc5 12.Bc2 e5 13.Nb3 d4 14.cxd4 Nxb3 15.Bxb3 Bg4
16.d5 e4 17.h3 exf3 18.hxg4 fxg2 19.Rg1 Rfd8 20.Rxg2 Na5 21.Qd4 Rac8 22.Kf1 Rd6
23.Kg1 Rb6 24.Rd1 Nxb3 25.axb3 Rxb3 26.d6 Qe6 27.Qxa7 Rxb2 28.d7 Rd8 29.Qc5 Qb3
30.Rd4 Qe6 31.g5 h5 32.g6 fxg6 33.Rd6 Rb1+ 34.Kh2 Qe7 35.Qc4+ Kh8 36.Rdxg6 Rb4
37.Qc2 Rxd7 38.R2g5 Rh4+ 39.Kg3 Rh1 40.Kg2 Rh4 41.Kg3 Rh1  1/2-1/2

[Event "35th TCh-GRE"]
[Site "Ermioni GRE"]
[Date "2006.07.03"]
[Round "1"]
[White "Papaioannou,I"]
[Black "Managadze,N"]
[Result "1-0"]
[WhiteElo "2575"]
[BlackElo "2444"]

1.d4 Nf6 2.Bg5 d5 3.e3 e6 4.Nd2 c5 5.c3 Nc6 6.Ngf3 Be7 7.Bd3 O-O 8.O-O b6
9.Qe2 Bb7 10.Rad1 Qc7 11.Bf4 Bd6 12.Bg5 Be7 13.Bf4 Bd6 14.Bxd6 Qxd6 15.e4 dxe4
16.Nxe4 Nxe4 17.Qxe4 g6 18.dxc5 Qxc5 19.Qf4 Kg7 20.Be4 Qe7 21.h4 Rad8 22.h5 f6
23.hxg6 hxg6 24.Qg3 g5 25.Bxc6 Bxc6 26.Nd4 Bd5 27.Rfe1 Qf7 28.f4 Kg6 29.fxg5 f5
30.c4 Be4 31.Qe5 Rfe8 32.Rxe4 fxe4 33.Rf1 Qg7 34.Rf6+ Kh7 35.Qxe4+ Kh8 36.Rh6+ Kg8
37.Rg6  1-0

[Event "56th ch-RUS w Top League"]
[Site "Orel RUS"]
[Date "2006.07.04"]
[Round "6"]
[White "Dolgova,O"]
[Black "Pogonina,N"]
[Result "1/2-1/2"]
[WhiteElo "2219"]
[BlackElo "2440"]

1.d4 Nf6 2.Bg5 c5 3.Bxf6 gxf6 4.d5 Qb6 5.Qc1 Bg7 6.g3 f5 7.c3 d6 8.Bh3 e6
9.dxe6 fxe6 10.Nd2 O-O 11.Ngf3 d5 12.O-O Nd7 13.Qc2 Qc7 14.Ne1 Nf6 15.Bg2 e5
16.Nd3 c4 17.Ne1 Be6 18.Ndf3 Ne4 19.Rd1 Rad8 20.Qc1 Kh8 21.Nc2 f4 22.e3 fxg3
23.fxg3 Qc5 24.Rde1 a5 25.Nh4 Ng5 26.Qd2 Nh3+ 27.Kh1 b5 28.Qe2 Qe7 29.Qh5 Qg5
30.Qe2 Bg4 31.Bf3 Be6 32.Bg2 Kg8 33.a3 Qe7 34.Rd1 Rxf1+ 35.Rxf1 Rf8 36.Ne1 b4
37.axb4 axb4 38.Nc2 bxc3 39.bxc3 Qd7 40.Nb4 Rxf1+ 41.Qxf1 Ng5 42.Nf3 Ne4
43.Qa1 Qb7 44.Qa4 Bf7 45.Qa1 h6 46.Nh4 Nf2+ 47.Kg1 Nd3 48.Nc2 Qb3 49.Ne1 Nxe1
50.Qxe1 e4 51.Nf5 Bxc3 52.Nxh6+ Kh7 53.Qf2 Bg6 54.Nf7 Qd1+ 55.Bf1 Qg4 56.Bh3 Qd1+
57.Bf1 Kg7 58.Ng5 Qg4 59.Nh3 Be5 60.Qd2 Qd7 61.Bxc4 Qxh3 62.Qxd5 Qf5 63.Qg8+ Kh6
64.Qd8 Qf3 65.Qd2 Bh5 66.Bf1 Qf6 67.Bg2 Bf3 68.Bf1 Qb6 69.Kf2 Bf6 70.Bg2 Bxg2
71.Kxg2 Bg5 72.Qd5 Qg6 73.Qd4 Bf6 74.Qd2 Qg4 75.Qf2 Kg6 76.h3 Qg5 77.Qe2 Qf5
78.g4 Qd5 79.Qf2 Bg5 80.h4 Be7 81.Kh3 Qe5 82.Qc2 Bd6 83.Qg2 Kg7 84.Qf2 Qa1
85.g5 Qe5 86.Kg4 Qa1 87.Kh3 Be5 88.Qg2 Qa4 89.Qg4 Qc6 90.Qf5 Bc7 91.Kg4 Bb8
92.h5 Qd6 93.h6+ Kg8 94.Qxe4 Qd7+ 95.Kh5 Bc7 96.Qg6+ Kf8 97.Qf6+ Kg8 98.Qg6+ Kf8
99.Qf6+ Kg8 100.Qg6+ Kf8 101.Qe4 Kg8 102.Qc4+ Kf8 103.Qe4 Kg8 104.Qa8+ Bd8
105.Qe4 Bc7 106.Qa8+ Bd8 107.Qa2+ Kf8 108.Qa3+ Kg8 109.Qb3+ Kf8 110.Qb4+ Kg8
111.Qc4+ Kf8 112.Qf4+ Kg8 113.Qc4+ Kf8 114.Qf4+  1/2-1/2

[Event "35th TCh-GRE"]
[Site "Ermioni GRE"]
[Date "2006.07.05"]
[Round "3"]
[White "Katsiris,I"]
[Black "Topalidis,K"]
[Result "1/2-1/2"]
[WhiteElo "2132"]
[BlackElo "2130"]

1.d4 Nf6 2.Bg5 g6 3.Nc3 d5 4.Bxf6 exf6 5.e3 Bg7 6.Bd3 O-O 7.Qf3 Be6 8.Nge2 c6
9.g4 Qd7 10.h3 b5 11.Ng3 Na6 12.a3 Rab8 13.b4 Nc7 14.Nce2 Ne8 15.Nc1 a5 16.Nb3 axb4
17.axb4 Nd6 18.Nc5 Qe7 19.O-O Ra8 20.Qe2 Nb7 21.c3 Nxc5 22.dxc5 h5 23.gxh5 f5
24.hxg6 fxg6 25.Qd2 Qh4 26.Rxa8 Rxa8 27.Rc1 Qxh3 28.Bf1 Qh4 29.Bg2 Be5 30.Ne2 Qf6
31.Nd4 Bf7 32.f4 Bc7 33.Nf3 Bd8 34.Qd4 Qe6 35.Qe5 Bf6 36.Qxe6 Bxe6 37.Nd4 Bd7
38.Rc2 Kg7 39.Kf2 g5 40.fxg5 Bxg5 41.Bh3 Kf6 42.Rc1 Ra2+ 43.Rc2 Ra1 44.Ne2 Bh4+
45.Kf3 Be8 46.Nf4 Be1 47.Ke2 Bh4 48.Kd3 Rd1+ 49.Rd2 Rxd2+ 50.Kxd2 Bg5 51.Kd3 Ke5
52.Ne2 Bg6 53.Kd2 Ke4 54.Bg2+ Ke5 55.Nd4 Be8 56.Nf3+ Kf6 57.Nxg5 Kxg5 58.Kd3 Kf6
59.Kd4 Bd7 60.Bh3 Be8 61.Bg2  1/2-1/2

[Event "Open"]
[Site "Albarino ESP"]
[Date "2006.07.07"]
[Round "5"]
[White "Rusev,K"]
[Black "Bernal Moro,L"]
[Result "1-0"]
[WhiteElo "2455"]
[BlackElo "2428"]

1.d4 Nf6 2.Bg5 d5 3.Bxf6 gxf6 4.c4 c5 5.cxd5 Qxd5 6.Nf3 cxd4 7.Nc3 Qa5 8.Nxd4 Bg7
9.e3 O-O 10.Bc4 Nd7 11.O-O Ne5 12.Bb3 Bg4 13.f3 Bd7 14.Qe1 Nc6 15.Rd1 Rad8
16.Kh1 e6 17.Qg3 f5 18.Ndb5 Ne5 19.Nd6 Bc6 20.f4 Ng4 21.h3 Nf6 22.Rd4 Qc7
23.Rfd1 Qe7 24.Qh4 Rd7 25.Nc4 Rxd4 26.exd4 Nd5 27.Qg3 Nxc3 28.bxc3 Kh8 29.Ne3 Be4
30.d5 exd5 31.Bxd5 Rd8 32.c4 h6 33.Kh2 Re8 34.Qf2 b6 35.a4 Qc5 36.Bxf7 Re7
37.Rd8+ Kh7 38.Bg8+ Kh8 39.Qg3 Qc7 40.Qg6 Qxf4+ 41.Kh1 Bxg2+ 42.Qxg2 Bf8
43.Rxf8 Rg7 44.Be6+  1-0

[Event "REDA IM"]
[Site "Brno CZE"]
[Date "2006.07.07"]
[Round "9"]
[White "Cech,P"]
[Black "Krcal,M"]
[Result "1/2-1/2"]
[WhiteElo "2416"]
[BlackElo "2105"]

1.d4 Nf6 2.Bg5 g6 3.Bxf6 exf6 4.g3 f5 5.Bg2 Bg7 6.e3 d6 7.Ne2 Nd7 8.c4 Nf6
9.O-O O-O 10.Nbc3 c6 11.b4 Re8 12.b5 Bd7 13.Rb1 Qc7  1/2-1/2

[Event "35th TCh-GRE"]
[Site "Ermioni GRE"]
[Date "2006.07.07"]
[Round "5"]
[White "Papaioannou,I"]
[Black "Oreopoulos,K"]
[Result "1-0"]
[WhiteElo "2575"]
[BlackElo "2241"]

1.d4 Nf6 2.Bg5 d5 3.e3 Ne4 4.Bf4 c5 5.f3 Qa5+ 6.c3 Nf6 7.Nd2 cxd4 8.exd4 g6
9.Bd3 Bg7 10.Ne2 O-O 11.O-O Nc6 12.Kh1 Re8 13.Nb3 Qb6 14.Qd2 e5 15.Bg5 Nd7
16.Bh6 Bh8 17.Rae1 Nf8 18.Ng3 Bd7 19.Nc5 Be6 20.Bxf8 Kxf8 21.f4 exd4 22.Nxe6+ fxe6
23.f5 Ne5 24.fxg6+ Ke7 25.cxd4 Qxd4 26.g7 Bxg7 27.Qg5+ Kd6 28.Qxg7  1-0

[Event "35th TCh-GRE"]
[Site "Ermioni GRE"]
[Date "2006.07.07"]
[Round "6"]
[White "Karayannis,A"]
[Black "Dounis,A"]
[Result "1-0"]
[WhiteElo "2380"]
[BlackElo "2152"]

1.d4 Nf6 2.Bg5 d5 3.e3 g6 4.Bxf6 exf6 5.c4 c6 6.cxd5 cxd5 7.Nc3 Be6 8.Qb3 Qd7
9.e4 dxe4 10.d5 Bh6 11.Rd1 O-O 12.dxe6 Qe7 13.Nd5 Qxe6 14.Nc7 Qe5 15.Qc3 Qf5
16.Nxa8 Rc8 17.Nc7 Bf4 18.Nd5  1-0

[Event "35th TCh-GRE"]
[Site "Ermioni GRE"]
[Date "2006.07.08"]
[Round "7"]
[White "Kazantzidis,I"]
[Black "Dounis,A"]
[Result "0-1"]
[WhiteElo "2015"]
[BlackElo "2152"]

1.d4 Nf6 2.Bg5 d5 3.Bxf6 gxf6 4.e3 c5 5.c3 Nc6 6.Bd3 e5 7.dxc5 Bxc5 8.Ne2 Bg4
9.Qa4 Qd7 10.Ng3 h5 11.h3 Be6 12.h4 O-O-O 13.b4 Bb6 14.Nd2 Kb8 15.O-O-O d4
16.exd4 exd4 17.c4 Ne5 18.Qc2 Qe7 19.a3 a5 20.c5 Bxc5 21.bxc5 Qxc5 22.Be4 Qxa3+
23.Qb2 Nd3+ 24.Bxd3 Qxd3 25.Qb6 Rc8+  0-1

[Event "Open A"]
[Site "Banska Stiavnica SVK"]
[Date "2006.07.09"]
[Round "2"]
[White "Kireev,Al"]
[Black "Borik,J"]
[Result "1/2-1/2"]
[WhiteElo "2382"]
[BlackElo "2199"]

1.d4 Nf6 2.Bg5 d5 3.e3 e6 4.Nd2 c5 5.c3 Nc6 6.f4 h6 7.Bh4 Qb6 8.Rb1 Bd7 9.Ngf3 O-O-O
10.Bd3 Bd6 11.Ne5 Be8 12.Ndf3 Ne7 13.O-O Kb8 14.Qe2 Nfg8 15.Nd2 f6 16.Nef3 g5
17.Bg3 g4 18.Ne1 h5 19.dxc5 Bxc5 20.Bf2 h4 21.Nc2 e5 22.Qxg4 f5 23.Qh3 e4
24.Be2 Nf6 25.Nb3 Bd6 26.Ncd4 Bd7 27.c4 dxc4 28.Nd2 Ng4 29.Nxc4 Qc7 30.Nxd6 Nxf2
31.Kxf2 Qxd6 32.Rfd1 Qf6 33.Ke1 a6 34.Rd2 Ba4 35.Rc1 Bb5 36.Bxb5 axb5 37.Rcc2 b4
38.Nb3 Nd5 39.Rd4 Nb6 40.Rxb4 Rd3 41.Rd4 Nd5 42.Rxd3 exd3 43.Rd2 Re8 44.g3 Rxe3+
45.Kf1 Qe6 46.Qxh4 Nf6 47.Qh8+ Ka7 48.Qd8 Re1+ 49.Kg2 Re2+ 50.Kh3 Ng4 51.Qa5+ Kb8
52.Qd8+ Ka7 53.Qa5+ Kb8 54.Qd8+ Ka7 55.Qd4+ Kb8  1/2-1/2

[Event "TESPO GM"]
[Site "Brno CZE"]
[Date "2006.07.09"]
[Round "11"]
[White "Pisk,P"]
[Black "Stopa,Ja"]
[Result "1/2-1/2"]
[WhiteElo "2357"]
[BlackElo "2469"]

1.d4 Nf6 2.Bg5 d5 3.Bxf6 exf6 4.e3 Be7 5.g3 O-O 6.Bg2 c6 7.Nd2 Nd7 8.Ne2 Re8
9.O-O f5 10.c4 dxc4 11.Nxc4 Nb6 12.Ne5 Bf6 13.Nd3 Qd6 14.Rc1 g6 15.Nc3 Nd7
16.b4 a6 17.a4 Rd8 18.Qb3 Bg7 19.Rfd1 Rb8 20.b5 cxb5 21.axb5 Bf8 22.Na4 axb5
23.Qxb5 h5 24.h4 Be7 25.Bf3 Kg7 26.Kg2 Ra8 27.Nac5 Rb8 28.Nxb7 Qa3 29.Rxc8 Rbxc8
30.Nxd8 Rxd8 31.Rc1 Bd6 32.Rc2 Qa1 33.Qb3 Qa7 34.Nc5 Nxc5 35.dxc5 Be5 36.c6 Rc8
37.Qd5 Qe7 38.Rd2 Rc7 39.Rd3 Ra7 40.Rb3 Rc7 41.Kf1 Bf6 42.Rb2 Be5 43.Be2 Bd6
44.Bc4 Be5 45.Ke2 Bd6 46.f4 Ra7 47.Rb7 Rxb7 48.cxb7 Bb8 49.Qd4+ Kh7 50.Qd5 Kg7
51.Qd4+ Kg8 52.Qb6 Kg7 53.Bd5 Kh7 54.Qd4 Kg8 55.e4 Kh7 56.e5 Qc7 57.Qc4 Qb6
58.Qb3 Qg1 59.Bxf7 Qg2+ 60.Kd1 Qf1+ 61.Kc2 Qf2+ 62.Kb1 Qe1+ 63.Kc2 Qf2+ 64.Kb1 Qe1+
65.Ka2 Qf2+ 66.Ka3 Qa7+ 67.Qa4 Qxb7 68.Qe8 Qa6+ 69.Kb4 Qb6+ 70.Kc4 Qa6+ 71.Kd5 Qa2+
72.Kc6 Qa4+ 73.Kb7 Qa7+ 74.Kc6 Qa4+ 75.Kb6 Qa7+ 76.Kb5 Qb7+ 77.Ka4 Qe4+ 78.Ka3 Qe3+
79.Kb4 Qb6+ 80.Kc4 Qa6+ 81.Qb5 Qa2+ 82.Qb3 Qe2+ 83.Qd3 Qa2+ 84.Qb3 Qe2+ 85.Qd3 Qa2+
86.Qb3 Qe2+  1/2-1/2

[Event "WIM"]
[Site "Condom FRA"]
[Date "2006.07.09"]
[Round "2"]
[White "Bolon,K"]
[Black "Congiu,M"]
[Result "0-1"]
[WhiteElo "2011"]
[BlackElo "2115"]

1.d4 Nf6 2.Bg5 d5 3.Nc3 Nbd7 4.Qd3 c6 5.Nf3 Qa5 6.Bd2 Qc7 7.e4 dxe4 8.Nxe4 Nxe4
9.Qxe4 Nf6 10.Qe5 Qxe5+ 11.Nxe5 Bf5 12.Bc4 e6 13.Bb3 Bd6 14.Nc4 Bc7 15.Ne3 Bg6
16.O-O O-O 17.a4 Rfd8 18.c3 c5 19.Rac1 cxd4 20.cxd4 Rxd4 21.Rxc7 Rxd2 22.Rxb7 Be4
23.Nc4 Rxb2 24.Rb5 Rb1 25.Rxb1 Bxb1 26.f3 Bd3 27.Ra5 Bxc4 28.Bxc4 g6 29.Bb5 Kg7
30.Bc6 Rc8 31.Bb7 Rc7 32.Ba8 Nd7 33.Be4 Nc5 34.Kf2 f5 35.Bb1 a6 36.f4 Kf6
37.Ke3 e5 38.fxe5+ Kxe5 39.Bd3 f4+ 40.Kf3 Kd4 41.Bxa6 Ra7 42.Rxc5 Kxc5 43.Bb5 Rf7
44.h4 h6 45.Be8 Rf6 46.Bb5 Kb4 47.Ke4 Rf8 48.Kf3 Rf5 49.Kg4 Ka5 50.Bd3 Rf6
51.Bb5 Kb4 52.Kf3 Kc3 53.Bf1 Rf5 54.Be2 Re5 55.Ba6 g5 56.hxg5 hxg5 57.Kg4 Kd4
58.Bb7 Kc4 59.Bc6 Kc5 60.Bb5 Kd6 61.Bc4 Ke7 62.Bb5 Kf6 63.g3 fxg3 64.Kxg3 Re4
65.Bc6 Rc4 66.Bb5 Rb4 67.Bd7 Rd4 68.Bc6 g4 69.a5 Kg5 70.a6 Rd3+ 71.Kh2 Ra3
72.Bb7 Kh4 73.Kg2 Ra2+ 74.Kf1 Kg3 75.Ke1 Kh2  0-1

[Event "ch-BEL"]
[Site "Namur BEL"]
[Date "2006.07.09"]
[Round "9"]
[White "Hautot,S"]
[Black "Denayer,E"]
[Result "1-0"]
[WhiteElo "2308"]
[BlackElo "2251"]

1.d4 Nf6 2.Bg5 d5 3.e3 e6 4.Nd2 Be7 5.Bd3 b6 6.Ngf3 Bb7 7.Ne5 Nfd7 8.Bxe7 Qxe7
9.f4 f5 10.Qh5+ g6 11.Qh6 Nxe5 12.fxe5 Nc6 13.c3 Nd8 14.O-O Nf7 15.Qf4 g5
16.Qf2 g4 17.Rac1 Ng5 18.c4 dxc4 19.Bxc4 O-O 20.a3 Kh8 21.Qf4 Rg8 22.Bb5 c5
23.dxc5 bxc5 24.Nc4 Raf8 25.Nd6 Nh3+ 26.gxh3 gxh3+ 27.Kf2 Rg4 28.Qh6 Rh4
29.Qxf8+ Qxf8 30.Nxb7 Qg7 31.Nd6 Qg2+ 32.Ke1 Qxh2 33.Rxc5 Qg3+ 34.Kd2 h2
35.Rc8+ Kg7 36.Rc7+ Kf8 37.Rfc1 h1=Q 38.Rf7+  1-0

[Event "XXIV Andorra Open"]
[Site "Andorra la Vella AND"]
[Date "2006.07.10"]
[Round "3"]
[White "Bhat,V"]
[Black "Nadig,K"]
[Result "1-0"]
[WhiteElo "2409"]
[BlackElo "2226"]

1.d4 Nf6 2.Bg5 c5 3.Bxf6 gxf6 4.d5 Qb6 5.Qc1 f5 6.g3 Bg7 7.c3 d6 8.Bg2 Nd7
9.Nd2 Qa6 10.Nh3 h5 11.Nf3 Nf6 12.Nh4 Ne4 13.Qc2 Qc4 14.Nf4 b5 15.Bxe4 Qxe4
16.Qxe4 fxe4 17.Kd2 e6 18.Rhd1 Kd7 19.Kc2 Kc7 20.a4 bxa4 21.dxe6 fxe6 22.Rxa4 d5
23.c4 d4 24.Ra5 Kd6 25.Rb1 e5 26.Nd5 Rf8 27.Nb6 Rb8 28.Nxc8+ Rbxc8 29.Rxa7 Rxf2
30.Rxg7 Rxe2+ 31.Kb3 Re3+ 32.Kc2 Rf8 33.Rd1 Rf2+ 34.Rd2 d3+ 35.Kc3 Rxd2 36.Nf5+ Ke6
37.Nxe3 Re2 38.Nd5 Rc2+ 39.Kb3 Re2 40.Kc3 Rc2+ 41.Kb3 Rc1 42.Rg6+ Kf7 43.Rf6+ Kg7
44.Rf2 Re1 45.Rd2 Rc1 46.Nc3 Re1 47.Rd1 Re3 48.Ka4 Kg6 49.Kb5 Kf5 50.Kxc5 Kg4
51.Kd5 Kf3 52.Nxe4  1-0

[Event "35th TCh-GRE"]
[Site "Ermioni GRE"]
[Date "2006.07.10"]
[Round "9"]
[White "Theofilopoulos,N"]
[Black "Zakarian,D"]
[Result "0-1"]
[WhiteElo "2018"]
[BlackElo "2327"]

1.d4 Nf6 2.Bg5 d5 3.Bxf6 gxf6 4.e3 Bg7 5.g3 O-O 6.Bg2 c6 7.c3 e5 8.Ne2 Bf5
9.Nd2 Na6 10.O-O Qd7 11.Nf3 Rad8 12.Kh1 Rfe8 13.Re1 Nc7 14.a4 Ne6 15.Nh4 Ng5
16.Nxf5 Qxf5 17.Kg1 Bh6 18.Qb1 Qg4 19.Kf1 Kh8 20.Ng1 e4 21.Qd1 Qd7 22.Qh5 Bg7
23.h4 Ne6 24.Bh3 Qc7 25.Bf5 Nf8 26.Nh3 Ng6 27.Nf4 Kg8 28.Kg2 Bf8 29.Rg1 Bd6
30.Qg4 Kh8 31.Kh3 Rg8 32.Bxg6 hxg6 33.h5 g5 34.Ne2 Qe7 35.Rh1 f5  0-1

[Event "16th Heart of Finland Open"]
[Site "Jyvaskyla FIN"]
[Date "2006.07.11"]
[Round "1"]
[White "Puuska,H"]
[Black "Akesson,R"]
[Result "0-1"]
[WhiteElo "2028"]
[BlackElo "2449"]

1.d4 Nf6 2.Bg5 d5 3.Bxf6 exf6 4.e3 Bd6 5.g3 O-O 6.Bg2 c6 7.Ne2 Nd7 8.O-O f5
9.b3 Nf6 10.c4 Be6 11.cxd5 Bxd5 12.Nbc3 Bxg2 13.Kxg2 Re8 14.Qc2 Ne4 15.Nxe4 fxe4
16.Nc3 Qe7 17.Rad1 Qe6 18.Qe2 Rad8 19.Na4 Qf5 20.Rc1 Re6 21.Nc5 Rh6 22.Rh1 Qh3+
23.Kg1 Bxc5 24.Rxc5 Rd5 25.Rc2 Rf6 26.Qf1 Qe6 27.Kg2 Rf3 28.Qc4 h5 29.h4 a5
30.b4 axb4 31.Qxb4 Rb5 32.Qa3 Kh7 33.Rc5 Rxc5 34.dxc5 Qg4 35.Qb3 Rf5 36.Rf1 Qf3+
37.Kg1 g5 38.Qd1 Rxc5 39.Qxf3 exf3 40.hxg5 Kg6 41.Rb1 b5 42.Rb2 Kxg5 43.Kh2 Rc1
44.Rd2 b4 45.e4 c5 46.Rd5+ Kg4 47.Rf5 Rc2 48.Rf4+ Kg5 49.Rxf3 Rxa2 50.Rf5+ Kg6
51.Rxc5 Rxf2+ 52.Kh3 Re2 53.Rc4 b3 54.Rb4 b2 55.Rb6+ Kg5 56.Rb5+ Kf6 57.g4 Re3+
58.Kh4 Rxe4 59.Rb6+ Ke5 60.Kxh5 Re2 61.Kg5 Kd4 62.Kf6 Re6+  0-1

[Event "II Int Open"]
[Site "Alajuela CRC"]
[Date "2006.07.13"]
[Round "4"]
[White "Hernandez Basante,F"]
[Black "Ceballos Hornero,D"]
[Result "1/2-1/2"]
[WhiteElo "2278"]
[BlackElo "2178"]

1.d4 Nf6 2.Bg5 d5 3.e3 c6 4.Bd3 Nbd7 5.f4 Qb6 6.Qc1 Ne4 7.Nf3 Ndf6 8.Nbd2 Nxg5
9.fxg5 Ng4 10.O-O e5 11.Nb3 e4 12.h3 exd3 13.hxg4 dxc2 14.Ne5 Be6 15.Qxc2 Bd6
16.Qf2 O-O 17.Qh4 Bxe5 18.Rf3  1/2-1/2

[Event "Inautomarket Open"]
[Site "Minsk BLR"]
[Date "2006.07.13"]
[Round "4"]
[White "Korobkov,P"]
[Black "Tihonov,J"]
[Result "1/2-1/2"]
[WhiteElo "2417"]
[BlackElo "2504"]

1.d4 Nf6 2.Bg5 c5 3.d5 Ne4 4.Bf4 Qb6 5.Bc1 e6 6.f3 Nf6 7.e4 exd5 8.exd5 Be7
9.Nc3 O-O 10.Bc4 d6 11.Nge2 Nbd7 12.Ng3 Ne5 13.Be2 c4 14.Qd2 Bd8 15.Qe3 Qa5
16.Qd2 b5 17.Nge4 Nxe4 18.Nxe4 Bf5 19.O-O Bxe4 20.fxe4 Bb6+ 21.Kh1 Qxd2 22.Bxd2 Bd4
23.Bf4 Rfe8 24.Bg3 Rab8 25.c3 Bc5 26.b3 cxb3 27.axb3 b4 28.c4 h6 29.Ra6 Rb7
30.h3 g6 31.Kh2 Kg7 32.Kh1 Rd7 33.Kh2 Rb7 34.Kh1  1/2-1/2

[Event "25th Open"]
[Site "St Veit AUT"]
[Date "2006.07.13"]
[Round "6"]
[White "Sucher,J"]
[Black "Sandhoefner,F"]
[Result "0-1"]
[WhiteElo "2155"]
[BlackElo "2271"]

1.d4 Nf6 2.Bg5 c5 3.c3 cxd4 4.Bxf6 gxf6 5.cxd4 d5 6.e3 e6 7.Nc3 Nd7 8.Rc1 a6
9.f4 f5 10.Nf3 Bd6 11.Bd3 Nf6 12.O-O Ne4 13.Ne5 O-O 14.Rf3 f6 15.Bxe4 dxe4
16.Rg3+ Kh8 17.Nc4 Bc7 18.a4 Bd7 19.Qh5 Rc8 20.Rh3 Qe7 21.d5 Be8 22.Qh4 Bg6
23.dxe6 Qxe6 24.Ne2 Bb6 25.b3 Ba7 26.a5 Rfd8 27.Qh6 Kg8 28.Rg3 Qf7 29.Kf2 Rc6
30.h4 Kh8 31.Rh3 Bh5 32.Rhh1 Bc5 33.Ng3 Bg4 34.h5 Bf8 35.Qg6 Qe6 36.Ne5 hxg6
37.hxg6+  0-1

[Event "XXIV Andorra Open"]
[Site "Andorra la Vella AND"]
[Date "2006.07.14"]
[Round "7"]
[White "Ibarra Jerez,JC"]
[Black "Bruned,Y"]
[Result "1/2-1/2"]
[WhiteElo "2445"]
[BlackElo "2352"]

1.d4 Nf6 2.Bg5 c5 3.Nc3 cxd4 4.Qxd4 Nc6 5.Qh4 e6 6.O-O-O Be7 7.e4 Qa5 8.Nf3 a6
9.Bc4 h6 10.Rhe1 Rg8 11.Bd2 g5 12.Qxh6 Rg6 13.Qh8+ Rg8 14.Qh6 Rg6 15.Qh8+ Rg8
16.Qh6  1/2-1/2

[Event "Open A"]
[Site "Oberwart AUT"]
[Date "2006.07.14"]
[Round "7"]
[White "Dittmar,P"]
[Black "Lendwai,R"]
[Result "1/2-1/2"]
[WhiteElo "2347"]
[BlackElo "2428"]

1.d4 Nf6 2.Bg5 g6 3.Bxf6 exf6 4.g3 d5 5.Bg2 c6 6.e3 h5 7.h4 Bh6 8.Ne2 Bg4
9.Qd2 Bxe2 10.Qxe2 f5 11.c4 dxc4 12.Qxc4 O-O 13.Nc3 Nd7 14.O-O Nf6 15.d5 cxd5
16.Nxd5 Nxd5 17.Qxd5  1/2-1/2

[Event "6th TCh-Euro u18"]
[Site "Balatonlelle HUN"]
[Date "2006.07.15"]
[Round "4"]
[White "Bogosavljevic,B"]
[Black "Szabo,Kr1"]
[Result "0-1"]
[WhiteElo "2302"]
[BlackElo "2467"]

1.d4 Nf6 2.Bg5 d5 3.Bxf6 exf6 4.e3 Bd6 5.Bd3 c6 6.c3 f5 7.Nd2 g6 8.h4 h5
9.Ne2 Nd7 10.Nf4 Nf6 11.Qc2 Ng4 12.Nf1 Qe7 13.O-O-O Kf8 14.Kb1 b5 15.g3 Kg7
16.Re1 Nf6 17.Nd2 Ne4 18.Nb3 a5 19.f3 Nf6 20.Nd2 Re8 21.Re2 Qc7 22.Qc1 Bd7
23.Rhe1 Rab8 24.Nb3 a4 25.Nd2 c5 26.dxc5 Bxc5 27.a3 Re7 28.Nf1 Rbe8 29.Ka1 Bc6
30.Bb1 Bb6 31.Ba2 Qa7 32.Qd2 d4 33.exd4 Bxf3 34.Re5 Qd7 35.Qd3 Bc6 36.Rxe7 Rxe7
37.Rxe7 Qxe7 38.d5 Bd7 39.Nd2 Ne4 40.c4 Nxd2 41.Qxd2 Qe3 42.Qxe3 Bxe3 43.Nd3 bxc4
44.Ne5 Bb5 45.d6 Kf6 46.d7 Bb6 47.Bxc4 Bxc4 48.Nxc4 Bc7 49.b3 Ke7 50.bxa4 Kxd7
51.a5 Bxg3 52.a6 Kc7 53.Kb1 g5 54.hxg5 h4 55.Nd2 h3  0-1

[Event "ch-SVK"]
[Site "Banska Stiavnica SVK"]
[Date "2006.07.15"]
[Round "8"]
[White "Markos,J"]
[Black "Mrva,Mart"]
[Result "1-0"]
[WhiteElo "2526"]
[BlackElo "2499"]

1.d4 Nf6 2.Bg5 c5 3.Bxf6 gxf6 4.d5 d6 5.e3 Bd7 6.a4 Na6 7.Nc3 Nc7 8.Bc4 b6
9.Ra3 a6 10.Qd3 e5 11.Rb3 b5 12.axb5 axb5 13.Nxb5 Ra1+ 14.Ke2 Nxb5 15.Bxb5 Bg7
16.Ra3 Rxa3 17.bxa3 O-O 18.Bxd7 Qxd7 19.Nf3 f5 20.Nd2 e4 21.Qc4 Re8 22.Re1 Qd8
23.Kf1 Qa5 24.Qe2 Qxa3 25.Nc4 Qa6 26.Rb1 Bc3 27.g3 Bb4 28.Kg2 Rf8 29.Rb3 Qa1
30.c3 Bxc3 31.Nxd6 f4 32.exf4 e3 33.Qg4+ Bg7 34.Rxe3 h5 35.Qxh5  1-0